MAASAI MARA UNIVERSITY

LIBRARY CATALOGUE

Contact Us: +254 020 2685356/7 or 0774 057787

Box: 861-20500, NAROK, KENYA

Email: info@mmarau.ac.ke

_Developmental mathematics Math098/099 (Record no. 12482)

MARC details
000 -LEADER
fixed length control field 00455nam a2200157Ia 4500
008 - FIXED-LENGTH DATA ELEMENTS--GENERAL INFORMATION
fixed length control field 151021s9999 xx 000 0 und d
020 ## - INTERNATIONAL STANDARD BOOK NUMBER
International Standard Book Number 9.7805581594e+012
050 ## - LIBRARY OF CONGRESS CALL NUMBER
Classification number QA 152.2 .B 2008
245 ## - TITLE STATEMENT
Title _Developmental mathematics Math098/099
260 ## - PUBLICATION, DISTRIBUTION, ETC. (IMPRINT)
Place of publication, distribution, etc. U.S.A Pearson Publishers 2008
300 ## - PHYSICAL DESCRIPTION
Extent xxxii,1234p,;Ill
500 ## - GENERAL NOTE
General note Includes index
500 ## - GENERAL NOTE
General note Includes index
650 ## - SUBJECT ADDED ENTRY--TOPICAL TERM
Topical term or geographic name as entry element _Linear Equitions
980 ## - EQUIVALENCE OR CROSS-REFERENCE-SERIES STATEMENT--PERSONAL NAME/TITLE [LOCAL, CANADA]
Personal name ^d20120827 10:19:17^okorir

No items available.

© 2016 Maasai Mara University.